书目信息 |
| 题名: |
化学
|
|
| 作者: | 范楼珍 , 吴海建 册主编 ;乔国才 , 周业虹 编写 ;人民教育出版社 编著 | |
| 分册: | 选择性必修1 | |
| 出版信息: | 北京 人民教育出版社 2020 |
|
| 页数: | 123页 | |
| 开本: | 30cm | |
| 丛书名: | ||
| 单 册: | ||
| 中图分类: | G634.81 , G634.8 | |
| 科图分类: | ||
| 主题词: | 中学化学课--Zhong Xue Hua Xue Ke--教材 | |
| 电子资源: | ||
| ISBN: | 978-7-107-34602-6 | |
| 000 | 01085nam0 2200301 450 | |
| 001 | 011094219 | |
| 005 | 20241125105507.00 | |
| 010 | @a978-7-107-34602-6@dCNY10.40 | |
| 100 | @a20241025d2020 em y0chiy50 ea | |
| 101 | 0 | @achi |
| 102 | @aCN@b110000 | |
| 105 | @aa z 000yy | |
| 106 | @ar | |
| 200 | 1 | @a化学@AHua Xue@i选择性必修1@i化学反应原理@f人民教育出版社课程教材研究所化学课程教材研究开发中心编著 |
| 210 | @a北京@c人民教育出版社@d2020@h2024重印 | |
| 215 | @a123页@c图@d30cm | |
| 300 | @a普通高中教科书/王晶,郑长龙总主编 | |
| 517 | 1 | @a化学反应原理@AHua Xue Fan Ying Yuan Li |
| 606 | 0 | @a中学化学课@AZhong Xue Hua Xue Ke@j教材 |
| 690 | @aG634.81@v5 | |
| 690 | @aG634.8@v4 | |
| 701 | 0 | @a范楼珍@AFan Lou Zhen@c(化学)@4册主编 |
| 701 | 0 | @a吴海建@AWu Hai Jian@4册主编@4编写 |
| 702 | 0 | @a乔国才@AQiao Guo Cai@c(化学)@4编写 |
| 702 | 0 | @a周业虹@AZhou Ye Hong@c(女)@4编写 |
| 712 | 02 | @a人民教育出版社@ARen Min Jiao Yu Chu Ban She@b课程教材研究所@b化学课程教材研究开发中心@4编著 |
| 801 | 0 | @aCN@bAHXH@c20241025 |
| 905 | @b214149535@b214149526@dG634.8@e2842:1@f2 | |
| 化学.选择性必修1.化学反应原理/人民教育出版社课程教材研究所化学课程教材研究开发中心编著.-北京:人民教育出版社,2020(2024重印) |
| 123页:图;30cm |
| 普通高中教科书/王晶,郑长龙总主编 |
| ISBN 978-7-107-34602-6:CNY10.40 |
| ● |
| 相关链接 |
|
|
|
|
正题名:化学
索取号:G634.8/2842:1
 
预约/预借
| 序号 | 登录号 | 条形码 | 馆藏地/架位号 | 状态 | 备注 |
| 1 | 1414952 | 214149526 | 第四借阅区/ [索取号:G634.8/2842:1] | 在馆 | |
| 2 | 1414953 | 214149535 | 第四借阅区/ [索取号:G634.8/2842:1] | 在馆 |